1820 1326 1895 1641 1784 1352 1680 1704 1536 1910 1111 1545 1293 1211 1228 1577 1376 1625 1436 1653 1162 1554 1270 1666 1224 1291 1825 1981 1567 1758 1005 1843 1239 1653 1733 1896 1311 1738 1707 1387 1980 1266 1515 1922 1438 1877 1014 1825 1187 1929 1784 1815 1273 1676 1956 1911 1743 1739 1423 1339 1340 1305 1936 1608 1609 1041 1360 1488 1407 1613 1227 1298 1701 1227 1698 1987 1782 1391 1422 1839 1535 1423 1736 1527 1074 1506 1664 1271 1842 1489 1064 1577 1767 1563 1967 1219 1282 1396 1553 BCNSPRNW ULIB Ver.6.0+V

เปลี่ยนเป็นภาษาไทย

Change to English
 แสดงรายละเอียดบรรณานุกรม
  กลับหน้าหลัก

Brief Record : Get Marc (ISO 2709) : E-mail record : QR code < ปิดหน้าต่าง
LEADER : 00000nam 2200000uu 4500
001    13399120945
003     ULIB
008    121026s2551||||th 000 0 tha d
020    ^a9789744140517
040    ^acl
050  4 ^aHF5549.5.M3^bด123บ
100 0  ^aดนัย เทียนพุฒ
245 10 ^aบริหารคนในทศวรรษหน้า =^bHR : the next decade /^cโดย ดนัย เทียนพุฒ
246 31 ^aHR : the next decade
250    ^aพิมพ์ครั้งที่ 4
260    ^aกรุงเทพฯ :^bเอ็กซเปอร์เน็ท,^c2551
300    ^a266 หน้า :^bภาพประกอบ ;^c21 ซม.
650  4 ^aการพัฒนากำลังคน
650  4 ^aการพัฒนาทรัพยากรมนุษย์
650  4 ^aการวางแผนกำลังคน
945    ^p200^l0^i16200
995    ^aทศพร
999    ^aทศพร เกษรทอง
รายการนี้ยังไม่มีแท็ก
คุณยังไม่ได้ล็อกอิน คุณสามารถมีกิจกรรมร่วมกับเว็บไซต์ได้ แต่ต้องล็อกอินก่อน ::
  ล็อกอิน

รายการสื่อสารสนเทศ

ลำดับที่ ประเภท เลขเรียก/บาร์โค้ด สถานที่ สถานะ
1. วิทยาศาสตร์การแพทย์ และสุขภาพ
วิทยาศาสตร์การแพทย์ และสุขภาพ
HF5549.5.M3 ด123บ ฉ.1 
  Barcode: 16200
ห้องสมุดวิทยาเขตสวรรค์ประชารักษ์
►หนังสือทั่วไป
บนชั้น

รายการใกล้เคียง
    ผู้แต่ง [ดนัย เทียนพุฒ]

    หัวเรื่อง [การพัฒนากำลังคน]
    หัวเรื่อง [การพัฒนาทรัพยากรมนุษย์]
    หัวเรื่อง [การวางแผนกำลังคน]

BibComment


ยังไม่เคยถูกคอมเมนท์

คอมเมนท์ทรัพยากรรายการนี้
  คอมเมนท์: บริหารคนในทศวรรษ..


 Copyright 2026. Bcnsprnw @Library